Nashville Predators Leaders - Statistics

General Stats
  • This quiz has been taken 54 times
    6 since last reset
  • The average score is 40 of 101
Answer Stats
Stat Number Answer % Correct
Most Games Played (Goalie) 683 Pekka Rinne
100%
Most Wins 369 Pekka Rinne
100%
Most Shutouts 60 Pekka Rinne
100%
Best Career Save Percentage .917 Pekka Rinne
100%
Best Career Goals Against Average 2.43 Pekka Rinne
100%
Most Goals 203 Roman Josi
100%
Most Assists 576 Roman Josi
100%
Most Points 779 Roman Josi
100%
Most Games Played 1030 Roman Josi
100%
Most Game Winning Goals 38 Roman Josi
100%
Most Goals 166 Shea Weber
100%
Most Assists 277 Shea Weber
100%
Most Points 443 Shea Weber
100%
Most Games Played 763 Shea Weber
100%
Most Game Winning Goals 24 Shea Weber
100%
Most Goals 210 David Legwand
75%
Most Assists 356 David Legwand
75%
Most Points 566 David Legwand
75%
Most Games Played 956 David Legwand
75%
Most Game Winning Goals 41 David Legwand
75%
Most Goals 358 Filip Forsberg
75%
Most Assists 398 Filip Forsberg
75%
Most Points 756 Filip Forsberg
75%
Most Games Played 861 Filip Forsberg
75%
Most Game Winning Goals 60 Filip Forsberg
75%
Most Games Played (Goalie) 467 Juuse Saros
75%
Most Wins 230 Juuse Saros
75%
Most Shutouts 27 Juuse Saros
75%
Best Career Save Percentage .912 Juuse Saros
75%
Best Career Goals Against Average 2.74 Juuse Saros
75%
Most Games Played (Goalie) 110 Dan Ellis
50%
Most Wins 49 Dan Ellis
50%
Most Shutouts 10 Dan Ellis
50%
Best Career Save Percentage .912 Dan Ellis
50%
Best Career Goals Against Average 2.64 Dan Ellis
50%
Most Goals 111 Mike Fisher
50%
Most Assists 195 Ryan Ellis
50%
Most Points 270 Ryan Ellis
50%
Most Games Played (Goalie) 75 Carter Hutton
25%
Most Wins 33 Carter Hutton
25%
Most Shutouts 4 Carter Hutton
25%
Best Career Save Percentage .910 Carter Hutton
25%
Best Career Goals Against Average 2.55 Carter Hutton
25%
Most Games Played (Goalie) 146 Chris Mason
25%
Most Wins 59 Chris Mason
25%
Most Shutouts 12 Chris Mason
25%
Best Career Save Percentage .910 Chris Mason
25%
Best Career Goals Against Average 2.68 Chris Mason
25%
Most Games Played 690 Colton Sissons
25%
Most Goals 162 Craig Smith
25%
Most Points 330 Craig Smith
25%
Most Games Played 661 Craig Smith
25%
Most Game Winning Goals 22 Craig Smith
25%
Most Goals 107 Jason Arnott
25%
Most Assists 222 Kimmo Timonen
25%
Most Points 301 Kimmo Timonen
25%
Most Games Played 573 Kimmo Timonen
25%
Most Goals 163 Martin Erat
25%
Most Assists 318 Martin Erat
25%
Most Points 481 Martin Erat
25%
Most Games Played 723 Martin Erat
25%
Most Game Winning Goals 26 Martin Erat
25%
Most Assists 206 Mattias Ekholm
25%
Most Points 268 Mattias Ekholm
25%
Most Games Played 719 Mattias Ekholm
25%
Most Games Played (Goalie) 217 Mike Dunham
25%
Most Wins 81 Mike Dunham
25%
Most Shutouts 8 Mike Dunham
25%
Best Career Save Percentage .910 Mike Dunham
25%
Best Career Goals Against Average 2.74 Mike Dunham
25%
Most Game Winning Goals 21 Scott Hartnell
25%
Most Games Played (Goalie) 383 Tomáš Vokoun
25%
Most Wins 161 Tomáš Vokoun
25%
Most Shutouts 21 Tomáš Vokoun
25%
Best Career Save Percentage .913 Tomáš Vokoun
25%
Best Career Goals Against Average 2.55 Tomáš Vokoun
25%
Most Goals 127 Viktor Arvidsson
25%
Most Game Winning Goals 25 Viktor Arvidsson
25%
Most Games Played (Goalie) 38 Anders Lindbäck
0%
Most Shutouts 2 Anders Lindbäck
0%
Best Career Save Percentage .914 Anders Lindbäck
0%
Best Career Goals Against Average 2.51 Anders Lindbäck
0%
Most Games Played 600 Dan Hamhuis
0%
Most Wins 17 David Rittich
0%
Most Games Played (Goalie) 51 Justus Annunen
0%
Most Wins 19 Justus Annunen
0%
Most Shutouts 1 Justus Annunen
0%
Best Career Save Percentage .907 Justus Annunen
0%
Best Career Goals Against Average 2.68 Justus Annunen
0%
Most Games Played (Goalie) 43 Kevin Lankinen
0%
Most Wins 20 Kevin Lankinen
0%
Most Shutouts 1 Kevin Lankinen
0%
Best Career Save Percentage .912 Kevin Lankinen
0%
Best Career Goals Against Average 2.79 Kevin Lankinen
0%
Most Shutouts 2 Marek Mazanec
0%
Most Game Winning Goals 23 Patric Hörnqvist
0%
Most Goals 110 Ryan Johansen
0%
Most Assists 252 Ryan Johansen
0%
Most Points 362 Ryan Johansen
0%
Most Game Winning Goals 23 Ryan Johansen
0%
Most Assists 200 Ryan Suter
0%
No matching quizzes found
Score Distribution
Percent of People with Each Score
Percentile by Number Answered
Your Score History
You have not taken this quiz since the last reset